000 00619nam a2200193Ia 4500
020 _a0804815836 :
040 _cSLC
082 0 4 _a495 C.A 1989 A022 Or.
100 1 _aMcNaughton, William,
245 1 0 _aReading and writing Chinese :
_ba guide to the Chinese writing system : the student's 1,020 list, the official 2,000 list /
250 _a1st softcover ed
260 _aRutland, Vt. :
_bC.E. Tuttle Co.,
_c1989, c1979
300 _a368 p. ;
_c19 cm
500 _aCover title: Reading & writing Chinese
500 _aIncludes indexes
650 0 _aChinese language
650 0 _aChinese language
942 _cEK
999 _c12697
_d12697